Marketing : Grundlagen und Fallstudien /

Salvato in:
Dettagli Bibliografici
Autori principali: Poth, Ludwig G (Autore), Poth, Gudrun S (Autore)
Natura: Libro
Lingua:tedesco
Pubblicazione: München : Verlag Franz Vahlen, 1986
Soggetti:
Accesso online:OBSAH
Tags: Aggiungi Tag
Nessun Tag, puoi essere il primo ad aggiungerne!!

MARC

LEADER 00000nam a22000003a 4500
001 stu44355
005 20150617225718.5
008 950315s1986----gw------------------ger-d
020 |a 3-8006-1065-5 
040 |a STU  |b slo 
041 0 |a ger 
044 |a gw 
080 |a 658.8 
100 1 |a Poth, Ludwig G  |4 aut 
245 1 |a Marketing :  |b Grundlagen und Fallstudien /  |c [aut.]Ludwig G. Poth, Gudrun S. Poth 
260 |a München :  |b Verlag Franz Vahlen,  |c 1986 
300 |a 430 s 
650 7 |a marketing  |2 estusub 
700 1 |a Poth, Gudrun S  |4 aut 
856 4 |a https://sweb.mtf.stuba.sk/obsahy/marketing_86.pdf  |u https://sweb.mtf.stuba.sk/obsahy/marketing_86.pdf  |3 OBSAH 
996 |b 284M039277  |c M*8946-1  |l MMKN  |s A  |a 24  |w stu44355_0001